Explaining death row's population and racial composition

Gespeichert in:  
Bibliographische Detailangaben
VerfasserInnen: Blume, John H. (Verfasst von) ; Wells, Martin T. (Verfasst von) ; Eisenberg, Theodore 1947- (Verfasst von)
Medienart: Elektronisch Aufsatz
Sprache:Englisch
Veröffentlicht: 2004
In: Journal of empirical legal studies
Jahr: 2004, Band: 1, Heft: 1, Seiten: 165-207
Online-Zugang: Volltext (kostenfrei)
Verfügbarkeit prüfen: HBZ Gateway

MARC

LEADER 00000caa a22000002c 4500
001 1912549611
003 DE-627
005 20250125055146.0
007 cr uuu---uuuuu
008 241217s2004 xx |||||o 00| ||eng c
024 7 |a 10.1111/j.1740-1461.2004.00006.x  |2 doi 
035 |a (DE-627)1912549611 
035 |a (DE-599)KXP1912549611 
040 |a DE-627  |b ger  |c DE-627  |e rda 
041 |a eng 
084 |a 2,1  |2 ssgn 
100 1 |a Blume, John H.  |e VerfasserIn  |0 (DE-588)1153413477  |0 (DE-627)1014822432  |0 (DE-576)311414613  |4 aut 
109 |a Blume, John H.  |a Blume, John 
245 1 0 |a Explaining death row's population and racial composition 
264 1 |c 2004 
336 |a Text  |b txt  |2 rdacontent 
337 |a Computermedien  |b c  |2 rdamedia 
338 |a Online-Ressource  |b cr  |2 rdacarrier 
700 1 |a Wells, Martin T.  |e VerfasserIn  |0 (DE-588)171148207  |0 (DE-627)061319465  |0 (DE-576)131965409  |4 aut 
700 1 |a Eisenberg, Theodore  |d 1947-  |e VerfasserIn  |0 (DE-588)170701956  |0 (DE-627)060825693  |0 (DE-576)160845637  |4 aut 
773 0 8 |i Enthalten in  |t Journal of empirical legal studies  |d Oxford [u.a.] : Wiley-Blackwell, 2004  |g 1(2004), 1, Seite 165-207  |h Online-Ressource  |w (DE-627)376831960  |w (DE-600)2131518-8  |w (DE-576)272350257  |x 1740-1461  |7 nnas 
773 1 8 |g volume:1  |g year:2004  |g number:1  |g pages:165-207 
787 0 8 |i Forschungsdaten  |a United States Department of Justice. Office of Justice Programs. Bureau of Justice Statistics  |t Capital Punishment in the United States, 1973-1999  |d [Erscheinungsort nicht ermittelbar] : [Verlag nicht ermittelbar], 2001  |w (DE-627)184005574X 
856 |u https://scholarship.law.cornell.edu/cgi/viewcontent.cgi?article=1240&context=facpub  |x unpaywall  |z Vermutlich kostenfreier Zugang  |h repository [oa repository (via OAI-PMH title and first author match)] 
856 4 0 |u https://doi.org/10.1111/j.1740-1461.2004.00006.x  |x Resolving-System  |z kostenfrei  |3 Volltext  |7 0 
935 |a mkri 
951 |a AR 
ELC |a 1 
LOK |0 000 xxxxxcx a22 zn 4500 
LOK |0 001 4637515114 
LOK |0 003 DE-627 
LOK |0 004 1912549611 
LOK |0 005 20241217044443 
LOK |0 008 241217||||||||||||||||ger||||||| 
LOK |0 035   |a (DE-2619)ICPSR64605 
LOK |0 040   |a DE-2619  |c DE-627  |d DE-2619 
LOK |0 092   |o n 
LOK |0 852   |a DE-2619 
LOK |0 852 1  |9 00 
LOK |0 935   |a nacp 
LOK |0 939   |a 17-12-24  |b l01 
OAS |a 1 
ORI |a SA-MARC-krimdoka001.raw